| 000 | 00513nam a2200169Ia 4500 | ||
|---|---|---|---|
| 003 | GCL | ||
| 008 | 140319s9999 xx 000 0 ara d | ||
| 040 |
_aGCL / _cGCL |
||
| 082 | 0 | 4 |
_a891.7 _bت ر |
| 100 | 1 | _aتورجينيف، ايفان | |
| 245 | 1 | 0 |
_aالريفية / _cتورجينيف، ايفان |
| 300 | _a102 ص | ||
| 490 |
_aمن المسرح العالمى _v0 |
||
| 650 | 0 | 4 | _aالادب الروسى المترجم |
| 650 | 0 | 4 | _aالمسرحيات الروسية المترجمة |
| 942 |
_2ddc _cBK |
||
| 999 |
_c47051 _d47051 |
||